[Event "Charity Cup MCCT Prel 2022"]
[Site "Online"]
[Date "2022.03.16"]
[Round "13.8"]
[White "Duda, Jan-Krzysztof"]
[Black "Harikrishna, Pentala"]
[Result "0-1"]
[WhiteElo "2760"]
[BlackElo "2719"]
[Annotator "TA"]
[PlyCount "124"]
[EventDate "2022.03.18"]
[EventType "tourn"]
[EventCountry "NET"]
[SourceTitle "playchess.com"]
[Source "ChessBase"]
[SourceQuality "1"]

{[%evp 12,124,5,0,12,8,8,8,11,12,24,27,29,20,18,27,25,28,30,26,26,17,44,48,43,18,32,38,31,36,26,0,0,-15,-9,-8,-19,-14,-11,-8,-21,-12,-13,-7,-7,-8,0,0,0,-6,-7,-60,-41,-167,-167,-167,-158,-147,-154,-316,-120,-795,-686,-602,-560,-564,-557,-564,-564,-564,-322,-325,-305,-288,-268,-437,-422,-698,-231,-282,-267,-264,-264,-264,-254,-250,-250,-12811,-242,-9766,-5161,-4132,-1027,-5686,-5251,-1924,-871,-833,-833,-12807,-1564,-2163,-1161,-2031,-1797,-29990,-29970,-29989,-29966,-29990,-29991,-29991,-305,-29992,-29993]} 1. d4 Nf6 2. c4 e6 3. Nf3 b6 4. Bf4 Bb7 5. e3 Bb4+ 6. Nfd2 O-O 7. a3 Bd6 {E12: Queen's Indian: Unusual White 4th moves, 4 a3, 4 Nc3 Bb7 5 a3 and 4 Nc3 Bb7 .} 8. Bxd6 cxd6 9. Nc3 {[%cal Od4d5]} d5 {The position is equal.} 10. Qf3 Qc8 11. Qg3 dxc4 {[#]} 12. Nxc4 $146 ({Predecessor:} 12. Bxc4 Ba6 13. Bxa6 Qxa6 14. Qf3 Nc6 15. Qe2 Qxe2+ 16. Kxe2 d5 17. Rhc1 Rfc8 18. Rc2 {1-0 (69) Studer,N (2584)-Yordanov,L (2325) Tornelo INT 2021}) 12... d5 13. Nd6 Qd7 14. Nxb7 Qxb7 15. Bd3 Nc6 {[%cal Bb8c6,Bc6e7,Be7g6,Bg6h4,Bh4f3][%mdl 32]} 16. O-O a6 17. Qh4 Ne7 18. g4 Ng6 $1 19. Qg3 Ne4 20. Nxe4 dxe4 21. Qg2 f5 22. Bc4 Nh4 23. Bxe6+ Kh8 24. Qg3 Nf3+ 25. Kg2 $132 {[%mdl 2048] White is not keeping still} f4 26. exf4 {[%cal Be3f4,Bf4f5,Bf5e6,Be6e7][%mdl 32]} Nxd4 27. f5 e3+ 28. f3 $1 Nxe6 29. fxe6 {Threatens to win with Rae1.} Qd5 30. e7 Rfe8 31. Rfd1 ({White should try} 31. Rfe1 $11 Qd2+ 32. Kh1 Rxe7 33. Rad1 Qxb2 34. Qd6) 31... Qb5 $15 32. Qd6 {Black continues to play with concentration.} (32. Qh4 $2 Qxb2+ 33. Kg1 Ra7 $19) (32. b4 $1 $15) 32... Qe2+ $19 (32... Qxb2+ 33. Kh3 $15) 33. Kh3 Qxf3+ 34. Qg3 Qe4 35. Rd6 $2 (35. Rf1 $17) 35... Rxe7 $2 ({And not} 35... Qxe7 36. Re1 $17) (35... Ra7 $1 $19 {[%cal Ra7e7]} 36. Rd8 Raxe7 37. Rxe8+ Rxe8) 36. Rxb6 $2 {[%mdl 8192]} (36. Qg2 $17) 36... Rf8 37. Rb4 Qc6 {...Ree8 is the strong threat.} 38. Rb8 Rxb8 39. Qxb8+ {[%mdl 4096] Endgame KQR-KQR} Re8 40. Qf4 Kg8 41. Rf1 {[#] Threatening mate with Qf7+.} h6 $1 {aiming for ...e2. Active counter play!} 42. Qf7+ Kh7 43. Qf5+ $2 (43. Re1 e2 44. Qf5+ Kh8 45. Qd3) 43... Kh8 44. Re1 (44. Qd3 $142 e2 45. Re1) 44... e2 $2 (44... Kg8 {White must now prevent ...Rf8.} 45. Rg1 e2) 45. Kg3 Qc7+ 46. Kh3 Qd6 ({Avoid the trap} 46... Re3+ $2 47. Kg2 $19) 47. Kg2 Qd2 {[%csl LRb2,LRe1]} 48. Qf7 {[#]} Re5 ({Inferior is} 48... Rb8 49. Kf2 $17) 49. Qf8+ Kh7 50. Qb4 $2 (50. Qf2) 50... Qd5+ 51. Kf2 Re4 (51... Qf7+ $142 52. Kg2 Re3) 52. Qc3 Qf7+ 53. Kg3 Qf4+ (53... Qf1 $142 54. h3 Qf4+ 55. Kg2 Re3 56. Qc2+ g6 57. Qxe2 Qg3+ 58. Kf1 Qxh3+ 59. Kf2 Qg3+ 60. Kf1 Qh3+ 61. Kf2 Qg3+ 62. Kf1 Rf3+ 63. Qxf3 Qxf3+ 64. Kg1 Qxg4+ 65. Kf2 Qh4+ 66. Ke2 h5) 54. Kg2 Qxg4+ 55. Kh1 Qf4 (55... Qf5 $142 56. Qd3 g6) 56. Qd3 h5 57. b4 g6 {( -> ...Re3)} 58. a4 Kh6 59. b5 axb5 60. axb5 Re3 61. Qb1 Qf3+ 62. Kg1 Re5 {Weighted Error Value: White=0.88/Black=0.46} 0-1

[Event "Charity Cup MCCT Prel 2022"]
[Site "Online"]
[Date "2022.03.16"]
[Round "14.2"]
[White "Hansen, Eric"]
[Black "Duda, Jan-Krzysztof"]
[Result "0-1"]
[WhiteElo "2606"]
[BlackElo "2760"]
[Annotator "TA"]
[PlyCount "106"]
[EventDate "2022.03.18"]
[EventType "tourn"]
[EventCountry "NET"]
[SourceTitle "playchess.com"]
[Source "ChessBase"]
[SourceQuality "1"]

{[%evp 10,106,20,20,23,29,36,29,35,21,15,22,16,17,20,25,25,18,17,8,47,44,38,18,33,0,0,6,20,6,22,0,5,0,0,0,14,0,24,19,20,13,14,26,63,65,52,69,70,60,49,0,64,72,165,187,273,296,276,143,139,143,141,96,268,123,138,65,65,65,65,65,65,65,65,65,150,65,618,600,577,431,416,352,343,336,325,0,279,281,512,505,920,562,935,887,764,-706,-706]} 1. e4 c5 2. Nf3 d6 3. Bb5+ Bd7 4. Bxd7+ Qxd7 5. c4 Nf6 6. Nc3 g6 {6...g6 scores better than 6...Nc6. B52: Sicilian: Moscow Variation with 3...Bd7.} 7. d4 cxd4 8. Nxd4 Bg7 {White has an edge.} 9. h3 O-O 10. Be3 Rc8 {[#]} 11. Qd3 $146 ({Predecessor:} 11. b3 a6 12. a4 Nc6 13. O-O Qd8 14. Nde2 Nd7 15. Rb1 Qa5 16. Qd2 Qb4 17. Rfc1 {1-0 (47) Naiditsch,A (2711)-Mista,A (2604) Linares 2018}) 11... Nc6 12. b3 $1 a6 {[%cal Ob7b5]} 13. Nxc6 Qxc6 14. Rc1 b5 15. cxb5 axb5 {[%cal Of6e4]} 16. O-O $1 Qd7 17. Bd4 Rcb8 18. Rc2 Rb7 (18... Rc8 {is more complex.} 19. Rfc1 Bh6 20. Bxf6 Bxc1 21. Nd5 Rxc2 22. Qxc2 Bf4) 19. Rfc1 e6 20. Qf3 (20. Be3 {is interesting.} Ne8 21. Qd2 Nc7 22. Ne2 d5 23. Rc6) 20... Ne8 21. Bxg7 Kxg7 22. Qd3 Nf6 23. Ne2 {[%cal Bc3e2,Be2d4,Bd4b5][%mdl 32]} b4 24. Nd4 Rba7 25. Nb5 Rxa2 26. Rc7 Ra1 {[%cal Od7c7]} 27. Rxd7 Rxc1+ 28. Kh2 Nxd7 29. Qxd6 Nf6 30. Qd4 (30. Qe7 $1 $14 {was preferrable.}) 30... h6 (30... Rc2 $11) 31. Nd6 $14 g5 (31... Rc2 $16) 32. Qxb4 $18 {[%cal Od6f7] Threatens to win with Nxf7!} Nh5 (32... Rc7 {keeps fighting.} 33. Qd4 Rc2) 33. Qb7 $1 {[%csl LRa8,LRf7]} Rf8 34. g3 (34. b4 $1 $18) 34... Nf6 $16 35. Kg2 Rd1 36. Qc7 (36. Qe7 $142) 36... Rd4 (36... Rd3 $16 {was necessary.}) 37. Qc5 (37. Qe7 $1 $18 {is the precise move to win.}) 37... Rd3 38. b4 (38. Qb4 $1 $16) 38... Rd8 $1 $14 39. e5 $36 {[%mdl 2048] White fights for an advantage.} Nd5 40. Qa7 Rf8 41. b5 {And now Ne4 would win.} Rb3 42. Qd4 Ra8 {[#]} (42... Rb4 $1 $14 43. Qd3 Rd8) 43. Qd1 (43. Nf5+ $1 $16 {[%mdl 512]} Kh7 {[#]} 44. Ne7 $1 Nxe7 45. Qe4+ Ng6 46. Qxa8 Rxb5 47. Qe8) 43... Raa3 $2 {[%mdl 8192]} (43... Rb4 $14) 44. Qh5 $18 Ra7 45. h4 gxh4 46. Qg4+ Kh7 {[%cal Ob3g3] Strongly threatening ...Rxg3+!} 47. Qe4+ ({And not} 47. gxh4 Rb4 48. Qd1 Ra3 49. Qc2+ Kg8 50. Qc8+ Kh7 51. Qc2+ (51. Nxf7 Nf4+ 52. Kh2 Rh3+ 53. Kg1 Rb1+) 51... Kg8 52. Qc8+ Kh7 53. Qc2+ $11 (53. Nxf7 Nf4+ 54. Kh2 Rh3+ 55. Kg1 Rb1+)) (47. Qxh4 Rb2 48. Qe4+ Kg8 $18) 47... Kg7 48. Qg4+ ({Not} 48. Qxh4 Ra2 $16) (48. gxh4 Kh8 $11) 48... Kh7 $1 {[%cal Ob3g3] Hoping for ...Rxg3+!} 49. Qxh4 Rb4 {Inhibits Qe4+.} (49... Rb2 {was worth a try.} 50. Qe4+ Kg8) 50. Qh5 Rf4 (50... Kg7 $142 51. Ne8+ Kf8) 51. Qe2 ({Weaker is} 51. b6 Ra2 52. Kg1 Ra1+ 53. Kg2 Ra2 $11) 51... Rb4 52. Qc2+ Kg8 53. Qc5 $4 {[%mdl 8192]} (53. Qc8+ $18 Kh7 54. Qf8) 53... Rc7 {Both players deserved the win here.  Weighted Error Value: White=0.44/Black=0.37} 0-1

[Event "Charity Cup MCCT Prel 2022"]
[Site "Online"]
[Date "2022.03.15"]
[Round "14.3"]
[White "Ding, Liren"]
[Black "Vidit, Santosh Gujrathi"]
[Result "1/2-1/2"]
[WhiteElo "2799"]
[BlackElo "2727"]
[Annotator "TA"]
[PlyCount "78"]
[EventDate "2022.03.18"]
[EventType "tourn"]
[EventCountry "NET"]
[SourceTitle "playchess.com"]
[Source "ChessBase"]
[SourceQuality "1"]

{[%evp 9,78,23,29,28,28,29,28,31,32,28,29,18,28,25,27,23,30,25,28,32,41,12,10,2,8,10,39,41,44,27,24,29,30,12,12,9,12,0,0,0,47,23,49,28,35,40,27,0,0,0,22,0,0,0,0,0,0,0,0,0,0,0,0,0,0,0,0,0,0,0,0]} 1. d4 Nf6 2. c4 e6 3. Nf3 d5 4. Nc3 a6 5. cxd5 exd5 6. Bg5 {D37: Queen's Gambit Declined: 5 Bf4.} Be6 7. e3 Nbd7 8. Bd3 {White has an edge.} Bd6 9. h3 c6 10. Bf4 Qc7 11. Qd2 O-O 12. O-O Rfe8 13. Rfe1 Nh5 {[%cal Rh5f4]} 14. Bxd6 Qxd6 15. e4 Qf4 {[%cal Oe6h3] [#]} 16. exd5 $146 ({Predecessor:} 16. Qd1 Qc7 17. Ng5 g6 18. e5 Qb6 19. Na4 Qa7 20. Rc1 Ng7 21. Bb1 h6 22. Nf3 {1-0 (50) Navara,D (2707)-Wang,H (2756) Jerusalem 2019}) 16... Bxd5 17. Nxd5 cxd5 18. Qb4 Qc7 19. Rec1 Qb8 20. Rc2 Nf4 21. Bf1 Ne6 22. Rac1 g6 23. a4 Nf6 24. a5 Qa7 (24... Kg7 $11) 25. g3 Rad8 26. h4 {[%cal Bh3h4,Bh4h5][%mdl 32] Bh3 is the strong threat.} Ne4 27. Bh3 f5 28. h5 Qb8 $1 {The position is equal.} 29. Kg2 Rc8 30. Rxc8 Rxc8 31. Rxc8+ Qxc8 32. Qe7 {Strongly threatening Ne5.} Qc2 $1 33. Qxe6+ Kf8 34. Kh2 Qxf2+ 35. Bg2 {aiming for Qe5.} Qxg3+ 36. Kg1 {And now Qe5 would win.} ({But not} 36. Kh1 $2 Nf2+ 37. Kg1 Nh3+ 38. Kh1 Qxg2+ $3 {[%mdl 512]} 39. Kxg2 Nf4+ 40. Kf2 Nxe6 $19) 36... Qf2+ 37. Kh2 Qg3+ 38. Kg1 {Hoping for Qe5.} ({Don't go for} 38. Kh1 $2 Nf2+ 39. Kg1 Nh3+ 40. Kh1 {[#]} Qxg2+ $3 {[%mdl 512]} 41. Kxg2 Nf4+ 42. Kf2 Nxe6 $19) 38... Qf2+ 39. Kh2 {Threatens to win with Qe5.} Qg3+ {Weighted Error Value: White=0.06 (flawless) /Black=0.04 (flawless)} 1/2-1/2

[Event "Charity Cup MCCT Prel 2022"]
[Site "Online"]
[Date "2022.03.15"]
[Round "14.4"]
[White "Carlsen, Magnus"]
[Black "Ju, Wenjun"]
[Result "1-0"]
[WhiteElo "2865"]
[BlackElo "2560"]
[Annotator "TA"]
[PlyCount "73"]
[EventDate "2022.03.18"]
[EventType "tourn"]
[EventCountry "NET"]
[SourceTitle "playchess.com"]
[Source "ChessBase"]
[SourceQuality "1"]

{[%evp 14,73,25,4,40,35,34,48,59,59,60,73,62,44,52,49,48,46,42,41,35,0,5,4,19,17,10,18,12,19,12,7,14,5,79,79,75,81,85,99,83,88,56,14,49,71,113,85,81,75,89,97,133,131,235,215,335,318,1166,1150,1100,1068]} 1. e4 {Carlsen,M} e5 2. Nf3 Nc6 3. Bb5 {[%cal Bf1b5,Bb5a4,Ba4b3][%mdl 32]} a6 4. Ba4 Nf6 5. O-O Bc5 6. c3 b5 7. Bb3 d6 8. a4 {aiming for axb5.} Bb7 {C78: Ruy Lopez: Archangelsk and Möller Defences.} (8... Nxe4 $2 9. Bd5 Bb7 10. Bxe4 $18) 9. d3 O-O 10. Bg5 h6 {White is slightly better.} 11. Bh4 {[#]} Rb8 $146 ({Predecessor:} 11... Qe7 12. Na3 Na5 13. Bc2 b4 14. Nb1 g5 15. Bg3 Nh5 16. Nbd2 Ba7 17. Re1 bxc3 18. bxc3 Nxg3 19. hxg3 {1-0 (48) Carlsen,M (2861)-Sokolov,I (2663) Wijk aan Zee 2013 CBM 153 [Carlsen,M]}) 12. axb5 axb5 13. Nbd2 Bc8 {[%cal Bb7c8,Bc8e6,Be6d7][%mdl 32]} 14. h3 Be6 15. Bd5 Bd7 16. b4 Bb6 17. Bb3 g5 18. Bg3 Nh5 {[#]} 19. Nxe5 $1 Nxg3 20. Nxd7 Qxd7 21. Re1 d5 22. exd5 {Threatening Qf3.} Ne7 $1 23. Qg4 Ngf5 {[#]} (23... Qd6 $11) 24. Rxe7 $1 $16 {[%mdl 64] Remove Defender} Qxe7 25. Qxf5 {[%cal Od5d6]} Kg7 26. Ne4 {To avoid Qf6. Hoping for d4.} Rbe8 27. d6 Qe5 28. g4 (28. Qxe5+ $14 {might be stronger.} Rxe5 29. Ng3) 28... cxd6 29. Ra6 $1 $36 {[%mdl 2048] White has strong initiative. Dancing on a razor blade.} Bc7 (29... Qxf5 $142 30. gxf5 Rb8) 30. Ra7 {White is much more active.} d5 31. Bxd5 Qxf5 32. gxf5 Bf4 33. Nc5 Re1+ (33... Bd2 $16) 34. Kg2 $18 {And now Ne6+ would win.} Kg8 (34... Bd2 $142 35. Ne6+ Rxe6 36. fxe6 Kf6 37. exf7 (37. Rxf7+ Rxf7 38. exf7 Kg7 $16) 37... Bxc3) 35. Nd7 Re7 $2 (35... Rc8 36. Nf6+ Kh8) 36. Nf6+ Kg7 37. Nh5+ {Weighted Error Value: White=0.07 (flawless) /Black=0.21 (precise)} ({Less strong is} 37. Rxe7 Kxf6 38. Rb7 Bd2 $18) 1-0

[Event "Charity Cup MCCT Prel 2022"]
[Site "Online"]
[Date "2022.03.15"]
[Round "14.5"]
[White "Navara, David"]
[Black "Le, Quang Liem"]
[Result "0-1"]
[WhiteElo "2700"]
[BlackElo "2709"]
[Annotator "TA"]
[PlyCount "136"]
[EventDate "2022.03.18"]
[EventType "tourn"]
[EventCountry "NET"]
[SourceTitle "playchess.com"]
[Source "ChessBase"]
[SourceQuality "1"]

{[%evp 17,136,42,35,9,0,0,0,0,0,9,0,0,9,4,31,0,0,0,0,0,0,-25,0,0,0,0,0,0,0,0,0,0,0,0,0,-6,-2,-4,-7,-7,0,0,0,0,0,-6,-10,-31,-11,-8,-10,-41,-23,-39,-52,-77,-72,-113,-108,-114,-114,-165,-131,-175,-63,-103,0,-150,-60,-69,-42,-47,-57,-95,-12,-99,-83,-242,-246,-356,-349,-343,-336,-316,-295,-262,-233,-1135,-993,-2318,-2136,-1682,-1491,-1216,-9969,-29968,-5093,-29972,-29973,-29972,-29960,-29979,-29980,-29980,-29981,-29981,-29982,-29982,-29981,-29983,-29984,-29985,-29986,-29986,-29987,-29988,-29989,-29990,-29989,-29991,-29992]} 1. e4 e5 2. Nf3 Nc6 3. Bb5 a6 4. Ba4 Nf6 5. O-O b5 6. Bb3 Bc5 7. a4 Rb8 8. c3 d6 9. d4 Bb6 10. a5 {C78: Ruy Lopez: Archangelsk and Möller Defences.} Ba7 (10... Bxa5 $2 11. dxe5 (11. d5 Ne7 $18) 11... dxe5 12. Qxd8+ Kxd8 13. Bd5 (13. Bxf7 Bb6 $16) 13... Nxd5 14. exd5 $18) 11. h3 O-O 12. Be3 {The position is equal.} Ra8 {12...Re8 is the fancy move.} 13. Nbd2 h6 14. Qe2 Re8 15. Rfd1 Bd7 {[#]} (15... exd4 {feels hotter.} 16. cxd4 Bd7 17. Re1 Qe7 18. d5 Nb4) 16. d5 $146 ({Predecessor:} 16. dxe5 Bxe3 17. Qxe3 Nxe5 18. Nxe5 Rxe5 19. f4 Re7 20. e5 Qe8 21. Nf3 dxe5 22. Nxe5 {1-0 (48) Satyapragyan,S (2395)-Del Amo Carbo,J (2185) Montcada 2018}) 16... Ne7 17. Bxa7 Rxa7 18. Qe3 Qb8 19. c4 c5 20. dxc6 Nxc6 21. c5 Be6 22. Bxe6 Rxe6 23. Nb3 Rd7 {[%cal Ba7d7,Bd7d6,Bd6c6][%mdl 32]} 24. cxd6 Rexd6 25. Rxd6 Rxd6 26. Qb6 Nd7 27. Qxb8+ Ncxb8 28. Kf1 Kf8 29. Ke2 Ke7 30. Ne1 Rc6 31. Nd3 Rc2+ 32. Kd1 Rc4 33. Nd2 Rd4 34. Ke2 Nc6 35. f3 Nb4 36. Nxb4 Rxb4 $15 {[%mdl 4096] Endgame KRN-KRN} 37. Kd3 (37. b3 $142) 37... Nc5+ $17 ({Resist} 37... Rxb2 38. Kc3 Rxd2 39. Kxd2 $14) 38. Kc2 Rd4 {[%cal Od4d2] Hoping for ...Rxd2+! Black is more active.} 39. Ra3 (39. Rd1 $17) 39... Kd6 $19 40. Rc3 (40. g3 $17) 40... Ra4 ({Black should try} 40... b4 $19 41. Rc4 Kc6) 41. Ra3 Rd4 (41... Rxa3 $142 42. bxa3 Ne6) 42. Rc3 $17 h5 (42... b4 $17 43. Rc4 Kc6) 43. h4 $15 g6 {[%cal Bg7g6,Bg6f5,Bf5e4,Be4e3][%mdl 32]} 44. Nb3 Nxb3 45. Rxb3 {KR-KR} f5 (45... Kc5 $17) 46. Rd3 {[#]} (46. Re3 $1 $11 {remains equal.}) 46... Kc5 $1 $17 47. exf5 {Loses the game.} (47. Rc3+ $17 {might work better.} Kb4 48. exf5 gxf5 49. Rb3+ Kc4 50. Rc3+ Kb4 51. Rb3+ Kc4 52. Rc3+ Kb4) 47... gxf5 $19 48. g3 (48. Re3 $142 Kd5 49. Rd3) 48... e4 49. fxe4 fxe4 50. Rc3+ {[#]} Kd5 $1 ({And not} 50... Kb4 51. g4 $15) 51. g4 hxg4 52. h5 $2 (52. Rg3 Rc4+ 53. Kd1) 52... Ke5 {aiming for ...Rc4.} 53. h6 Rd7 {And now ...Kf4 would win.} 54. Rc6 e3 55. h7 Rxh7 {( -> ...Rg7)} 56. Kd3 g3 (56... Rg7 $142 57. Kxe3 g3 58. Rc5+ Kd6 59. Rc1 Kd5 60. Rg1 g2 61. Kd3 Kc5 62. Ke4 Kb4 63. Kf5 Kb3 64. Ke4 Kxb2 65. Kd3 Rg4 66. Ke2 b4 67. Kf3 Rg7 68. Kf2 Kc2 69. Rxg2 Rxg2+ 70. Kxg2 b3 71. Kg3 b2 72. Kh4 b1=Q 73. Kg5 Qb5+ 74. Kg6 Kd3 75. Kf7 Ke4 76. Kg6 Qc6+ 77. Kh7 Kf5 78. Kg8 Qb7 79. Kh8 Kg6 80. Kg8 Qg7#) 57. Kxe3 Rg7 {Black mates.} 58. Rc1 g2 59. Kf2 g1=Q+ 60. Rxg1 Rxg1 61. Kxg1 {KPP-KPP} Kd4 62. Kf2 Kd3 63. Kf3 b4 {[%cal Bb5b4,Bb4b3,Bb3b2][%mdl 32]} 64. Kf4 b3 65. Ke5 Kc2 66. Kd5 Kxb2 67. Kc5 Ka3 68. Kb6 b2 {Weighted Error Value: White=0.61/Black=0.21 (precise)} 0-1

[Event "Charity Cup MCCT Prel 2022"]
[Site "Online"]
[Date "2022.03.15"]
[Round "14.6"]
[White "Rapport, Richard"]
[Black "Jones, Gawain C B"]
[Result "1/2-1/2"]
[WhiteElo "2762"]
[BlackElo "2671"]
[Annotator "TA"]
[PlyCount "136"]
[EventDate "2022.03.18"]
[EventType "tourn"]
[EventCountry "NET"]
[SourceTitle "playchess.com"]
[Source "ChessBase"]
[SourceQuality "1"]

{[%evp 9,136,18,25,0,0,0,0,-8,-2,-22,0,4,42,0,10,0,11,-15,12,0,25,10,19,-14,0,0,-21,-7,0,0,20,15,18,9,19,0,16,11,0,0,27,21,20,0,56,32,60,14,61,66,68,0,0,0,38,1,16,0,164,137,142,134,179,187,181,168,222,168,169,40,40,0,0,0,3,0,149,142,152,156,155,145,137,127,151,144,127,123,221,195,200,150,144,93,127,0,0,0,0,0,0,0,0,0,0,0,0,0,0,0,0,0,0,0,0,0,0,0,0,0,0,0,0,0,0,-244,-230,-228,0]} 1. b3 Nf6 2. Bb2 g6 3. g3 Bg7 4. Bg2 O-O 5. c4 d6 6. e3 {A15: English Opening: 1...Nf6.} e5 7. Ne2 Re8 8. O-O {The position is equal.} c6 9. d4 Qe7 10. Nbc3 {[#]} h5 $146 ({Predecessor:} 10... Nbd7 11. dxe5 dxe5 12. Qc2 Nf8 13. Rad1 h5 14. Qd2 N8h7 15. Qd6 Qxd6 16. Rxd6 h4 17. gxh4 {½-½ (26) Nespor,J (1867)-Ludvik,T (1952) Czech Republic 2017}) 11. h3 (11. d5 $14) 11... Nbd7 12. Qc2 exd4 13. exd4 Nf8 {[%cal Od6d5]} 14. Qd2 Bf5 15. d5 c5 16. Rfe1 {[%cal Oe2d4]} Qd7 17. Kh2 a6 18. a4 Re7 19. Ng1 Rxe1 20. Rxe1 Re8 21. Rxe8 Qxe8 22. f3 Qe5 23. Nd1 Qe7 24. a5 N6h7 25. Bxg7 Kxg7 26. Ne2 Qe5 ({Black should try} 26... g5 $11) 27. Kg1 Kg8 28. Kf2 (28. g4 $14 hxg4 29. hxg4) 28... Qa1 (28... Qe7 $11) 29. Ne3 Bc8 30. g4 (30. Qc3 $14 Qb1 31. Nf1) 30... hxg4 $11 31. hxg4 Nd7 32. Qc3 Qb1 33. Ng3 {Ne4 is the strong threat.} Ndf6 (33... Ne5 $11) 34. Bf1 {[%cal Bg2f1,Bf1e2,Be2d3][%mdl 32]} Qa2+ 35. Be2 Qb1 (35... Ne8 $16 36. Nef1 Bd7) 36. Bd3 Qa2+ 37. Bc2 Qa3 (37... Ne8 {was called for.} 38. Ne2 Nf8) 38. g5 Ne8 39. Ne4 (39. f4 $1 $18) 39... Qc1 $1 $14 40. Kg2 Bf5 41. Nxf5 {The board is on fire.} gxf5 42. Ng3 Ng7 (42... Qxg5 $11 {keeps the balance.} 43. f4 (43. Bxf5 Nhf6 $11) 43... Qxf4) 43. f4 $1 $36 {[%mdl 2048] White is really pushing.} Nf8 {White must now prevent ...Ng6.} (43... Qxf4 $2 44. Qxg7+ $3 {[%mdl 512]} Kxg7 45. Nh5+ Kg6 46. Nxf4+ $18) 44. Ne2 Qa3 45. Bb1 {White is more active.} Ng6 46. Kf3 Nh4+ 47. Kf2 Ng6 48. Ke3 Kf8 (48... Nh4 $16 49. Kf2 Ng6) 49. Ng3 $18 Ne7 50. Kd2 Kg8 51. Kc2 (51. Kd1 $142) 51... Ng6 $16 52. Ne2 ({Better is} 52. Kd1 $16) 52... Nh5 $11 53. Kd2 Nhxf4 54. Nxf4 Nxf4 55. Ke3 Ng6 56. Bxf5 Ne5 57. Bb1 Kf8 58. g6 fxg6 59. Bxg6 Ke7 60. Bc2 Qc1+ 61. Ke2 Qh1 62. Qg3 Kd8 63. Qg7 Qf3+ 64. Kd2 Qf4+ 65. Ke2 Qf3+ 66. Kd2 Qf4+ 67. Kd1 $2 (67. Ke2 $11) 67... Qf1+ $19 68. Kd2 {[#]} Qf4+ $2 {Black used his chance.  Weighted Error Value: White=0.17 (very precise) /Black=0.21 (precise)} (68... Nf3+ $1 $19 69. Ke3 Nd4 70. Qg8+ Kc7 71. Qh7+ Kb8) 1/2-1/2

[Event "Charity Cup MCCT Prel 2022"]
[Site "Online"]
[Date "2022.03.15"]
[Round "14.7"]
[White "Lei, Tingjie"]
[Black "Anton Guijarro, David"]
[Result "0-1"]
[WhiteElo "2535"]
[BlackElo "2691"]
[Annotator "TA"]
[PlyCount "98"]
[EventDate "2022.03.18"]
[EventType "tourn"]
[EventCountry "NET"]
[SourceTitle "playchess.com"]
[Source "ChessBase"]
[SourceQuality "1"]

{[%evp 9,98,10,23,6,12,6,-5,0,0,20,10,0,2,-2,10,-80,-84,-85,-80,-114,-116,-125,-128,-102,-84,-141,-123,-170,0,0,0,-34,-32,-39,-21,-56,-19,-43,-18,-105,-29,-64,-47,-48,0,-18,0,0,0,0,45,-43,0,0,0,-71,-81,-57,0,-285,-278,-268,-284,-268,-287,-298,-293,-277,-242,-254,-230,-402,-410,-633,-628,-651,-586,-585,-578,-1170,-1197,-1458,-1434,-1298,-1080,-1741,-1559,-4087,-2786,-29990,-1684]} 1. e4 c6 2. Nf3 d5 3. d3 Bg4 4. h3 Bh5 5. Qe2 e6 6. g4 {B10: Caro-Kann: 2 d3 and 2 c4.} Bg6 7. h4 h5 8. Ne5 {The position is equal.} Bh7 9. g5 ({Not} 9. Qf3 $2 f6 10. g5 fxe5 $19) 9... Nd7 {[#]} 10. Nxf7 Kxf7 11. Qxh5+ g6 $1 12. Qg4 {[#]} (12. Qf3+ $11 {remains equal.} Ke8 13. h5) 12... Ne7 $146 ({Predecessor:} 12... Bd6 13. Bh3 Nf8 14. f4 Ne7 15. b3 Bb4+ 16. Bd2 Bxd2+ 17. Nxd2 Qa5 18. Ke2 Qc3 {0-1 (36) Sorensen,J (2369)-Mchedlishvili,M (2570) Tornelo INT 2021}) 13. Bh3 Ke8 14. Nc3 Bg8 15. Bd2 Bg7 16. O-O-O Qb6 17. f4 (17. Qg3 $142) 17... Nc5 $1 $17 {Hoping for ...dxe4.} 18. Rde1 (18. e5 $17) 18... d4 $2 (18... Bxc3 $19 19. Bxc3 d4) 19. Nd1 $11 {aiming for f5.} Kd7 20. Qg3 {[%cal Of4f5]} Rf8 21. Bg4 Bf7 22. Ref1 a5 23. Qe1 Qa7 ({Worse is} 23... Ra8 24. Qe2 $17) 24. a3 (24. Qe2 $11) 24... b6 (24... b5 $1 $17 25. Bxa5 Nb7) 25. Rh2 Kd8 26. Nf2 Kc8 27. Nh1 Qa6 28. Ng3 Kb7 29. h5 gxh5 (29... Nxd3+ $1 $11 30. cxd3 gxh5) 30. Bxh5 {[#]} (30. Nxh5 $14 Bxh5 31. Rxh5) 30... Qb5 (30... Nxd3+ $1 $15 {deserves consideration.} 31. cxd3 Qxd3) 31. Rfh1 {Strongly threatening Bxf7.} Bg8 32. Bg4 (32. Kb1 $1 $11 {keeps the balance.}) 32... Rxh2 $17 33. Rxh2 Ng6 (33... e5 $15 34. Nh5 Ba2 $1) 34. Ne2 $2 {[%mdl 8192] Black converts the advantage convincingly.} (34. Nh5 $11 {and White has nothing to worry.}) 34... Na4 $19 35. b3 Nc5 36. a4 {[#]} Nxd3+ $1 {[%mdl 512]} 37. cxd3 Qxb3 38. Qd1 Qa3+ 39. Kb1 e5 {[%cal Be6e5,Be5f4,Bf4f3][%mdl 32]} 40. Qc2 {To avoid Ba2+} (40. Nc1 Nxf4 41. Qc2) 40... exf4 {Really sharp!} 41. Bf5 {[#]} (41. Nc1 $142 f3 42. Be1) 41... f3 $1 42. Nf4 (42. Nc1 Ne7) 42... Nxf4 43. Bxf4 Qb4+ 44. Ka1 Bb3 45. Qc1 Qxa4+ 46. Kb1 Qb4 {And now ...Bc4+ would win.} 47. Rb2 a4 48. Bd7 Qc3 {[%cal Of8f4] ( -> ...Rxf4!)} 49. Qd2 {[#]} Qxd2 {Weighted Error Value: White=0.85/Black=0.18 (very precise)} (49... Rxf4 $142 $1 50. Qxc3 (50. Be6 f2) 50... dxc3 51. Be6 f2 52. Rxb3 f1=R+ 53. Ka2 R4f2+ 54. Ka3 Bf8+ 55. Kxa4 Ra2+ 56. Ra3 Rxa3#) 0-1